Who Done it? - Statistics

General Stats
  • This quiz has been taken 20 times
  • The average score is 13 of 20
Answer Stats
Hint Answer % Correct
This Country has 3 capital cities South Africa
100%
This country has the Most World Cups Italy
87%
This sea seperates Italy and Croatia Adriatic
80%
This former city was renamed St. Petersburg after the downfall of the Soviet Union Leningrad
80%
This country is the only one to border Singapore Malaysia
80%
This Canadian (or Canadien in their native language) province is home to Montreal Quebec
80%
This country has the best meatballs Sweden
80%
This is the alternate name for East Timor Timor Leste
80%
This country is the only one that uses pink in its flag in Europe Spain
73%
This country is the only one who uses purple in its flag in North America Dominica
67%
This peninsula is the only part of western mainland Europe not invaded by Nazi Germany in WW2 Iberian
60%
This person was the first to discover North America in around 1000 AD which he named Vinland Leif Erikson
60%
This sea is the only one that borders Brunei South China
60%
This peninsula and state of Mexico's most populous city is Merida Yucatan
60%
This city is the most populous non-capital city Shanghai
47%
This US state was it's own country led by the Green Mountain Boys before becoming the 14th state of the union Vermont
47%
This is the only communist country in Africa Mozambique
40%
This country is definitely not Communist Russia
33%
This is the worst country ever (it is located in Africa) Ethiopia
27%
This country houses the most visisted city in the world Thailand
20%
No matching quizzes found
Score Distribution
Percent of People with Each Score
Percentile by Number Answered
Your Score History
You have not taken this quiz